| 000 | 01363nkm a2200313 i 4500 | ||
|---|---|---|---|
| 001 | 3915 | ||
| 003 | ES-MaACL | ||
| 005 | 20250713062846.0 | ||
| 007 | khrbo | ||
| 008 | 070615s1986 sp --- g |001||spa d | ||
| 100 | 0 |
_aAlfonso, _d1902-1990 _919858 |
|
| 245 | 1 | 0 |
_aMesa redonda "Tortura y estado policial" [ _hFotografía] / _cAlfonso (sello). |
| 260 |
_a[S.l. : _bs.n.], _c1986. |
||
| 300 |
_a2 fot. : _bb. y n. ; _c12 x 18 cm. |
||
| 500 | _aDatos basados en invitación. | ||
| 511 | 0 | _aIntervienen: Fernando Salas, Begoña Lalama, Javier Sádaba, Antonio Rubio. | |
| 518 | _aActo organizado por la Agrupación Especial de Ateneístas por la Paz en colaboración con la Asociación Contra la Tortura, celebrado en el salón de actos el miércoles, 26 de noviembre de 1986, a las 19:30 h. | ||
| 600 | 1 | 4 |
_aSalas, Fernando _9101728 |
| 600 | 1 | 4 |
_aLalama, Begoña. _969723 |
| 600 | 1 | 4 |
_aSádaba, Javier. _9101274 |
| 600 | 1 | 4 |
_aRubio, Antonio. _9100338 |
| 610 | 2 | 4 |
_aAteneo de Madrid- _xActos culturales- _y1986- _vFotografías. _91901 |
| 710 | 2 |
_aAteneo de Madrid. _91875 |
|
| 710 | 2 |
_aAgrupación Ateneísta por la Paz. _91278 |
|
| 710 | 2 |
_aAsociación Contra la Tortura. _91524 |
|
| 852 |
_aES-MaACL _jFOT 237/1986 |
||
| 856 | 4 |
_uhttp://www.ateneodemadrid.net/biblioteca_digital/imagenes/1986/0237-1986.jpg _zVer imagen |
|
| 999 |
_c3915 _d3915 |
||